Statistics for Chorus Jumble #2

Click here to take the quiz!

General Stats

  • This quiz has been taken 27 times
  • The average score is 29 of 42

Answer Stats

HintAnswer% Correct
13But
81%
3Bye
81%
17Dry
81%
15Levee
81%
12Levee
81%
1So
81%
14The
81%
16Was
81%
5American
76%
2Bye
76%
9Chevy
76%
4Miss
76%
8My
76%
6Pie
76%
11The
76%
10To
76%
7Drove
71%
26And
67%
37Be
67%
30Be
67%
22Boys
67%
32Day
67%
35Die
67%
24Drinkin'
67%
34I
67%
21Ol'
67%
27Rye
67%
28Singin'
67%
33That
67%
31The
67%
38The
67%
29This'll
67%
36This'll
67%
25Whiskey
67%
39Day
62%
42Die
62%
20Good
62%
41I
62%
40That
62%
19Them
57%
23Were
57%
18And
48%

Score Distribution

Percentile by Number Answered

Percent of People with Each Score

Your Score History

You have not taken this quiz